UM Logo

Predicting satisfaction and intensions to use online food delivery : (Record no. 18322)

MARC details
000 -LEADER
fixed length control field 00939nam a22002297a 4500
003 - CONTROL NUMBER IDENTIFIER
control field OSt
005 - DATE AND TIME OF LATEST TRANSACTION
control field 20250905112226.0
008 - FIXED-LENGTH DATA ELEMENTS--GENERAL INFORMATION
fixed length control field 231006b ||||| |||| 00| 0 eng d
040 ## - CATALOGING SOURCE
Transcribing agency 0
082 ## - DEWEY DECIMAL CLASSIFICATION NUMBER
Classification number DPer 647.95 J826 January-December 2020 v. 23 n. 1-6
100 ## - MAIN ENTRY--PERSONAL NAME
Personal name Annaraud, Katerina.
Relator term author.
9 (RLIN) 49541
245 ## - TITLE STATEMENT
Title Predicting satisfaction and intensions to use online food delivery :
Remainder of title what really makes a difference? /
Statement of responsibility, etc. Katerina Annaraud and Katerina Berezina.
260 ## - PUBLICATION, DISTRIBUTION, ETC. (IMPRINT)
Place of publication, distribution, etc. USA ;
Name of publisher, distributor, etc. Taylor & Francis Group ,
Date of publication, distribution, etc. July-August 2020.
300 ## - PHYSICAL DESCRIPTION
Extent Volume 23, pages 305-323 :
Other physical details illustration ;
Dimensions 26 cm.
500 ## - GENERAL NOTE
General note Journal of Food Service Business Research, vol. 23, no. 4, pages 305-323, July-August 2020.
650 ## - SUBJECT ADDED ENTRY--TOPICAL TERM
Topical term or geographic name as entry element Food service.
9 (RLIN) 49542
650 #0 - SUBJECT ADDED ENTRY--TOPICAL TERM
Topical term or geographic name as entry element Food ordering.
9 (RLIN) 67120
650 #0 - SUBJECT ADDED ENTRY--TOPICAL TERM
Topical term or geographic name as entry element Food quality.
9 (RLIN) 67121
700 ## - ADDED ENTRY--PERSONAL NAME
Personal name Annaraud, Katerina.
Relator term author.
9 (RLIN) 49541
700 ## - ADDED ENTRY--PERSONAL NAME
Personal name Berezina, Katerina.
Relator term author.
9 (RLIN) 49543
942 ## - ADDED ENTRY ELEMENTS (KOHA)
Source of classification or shelving scheme Dewey Decimal Classification
Koha item type Periodicals
Holdings
Withdrawn status Lost status Source of classification or shelving scheme Damaged status Not for loan Collection code Home library Current library Date acquired Total Checkouts Full call number Date last seen Price effective from Koha item type Public note
    Dewey Decimal Classification     Periodicals UM Digos College - LIC UM Digos College - LIC 10/06/2023   DPer 647.95 J826 January-December 2020 v. 23 n. 1-6 10/06/2023 10/06/2023 Periodicals Periodical Article